000 00609nam a22002297a 4500
003 UA-OsUOA
001 80289
007 ta
008 20111205b un ||||| |||| 00| 0 ukr d
100 _aКрылов И. А.
090 _a821.161.1
_bК85
942 _cBK
040 _aUA-OsUOA
_brus
_cUA-OsUOA
_dUA-OsUOA
245 _aСочинения в двух томах
_bБасни
_c2
300 _a510 с.
955 _a3
041 _arus
080 _a821.161.1
260 _aМ.
_bПравда
_c1984
650 7 _a82 Література. Літературознавство
_2UDC
999 _c366600
_d366600